All Lakers Hall Of Famers - Statistics

General Stats
  • This quiz has been taken 51 times
  • The average score is 17 of 27
Answer Stats
Picture Answer % Correct
Kobe Bryant
100%
Shaquille O’Neal
98%
Wilt Chamberlain
98%
Dennis Rodman
95%
Jerry West
95%
Magic Johnson
95%
Kareem Abdul-Jabbar
93%
Steve Nash
91%
Elgin Baylor
88%
James Worthy
88%
Karl Malone
86%
Gary Payton
84%
Vlade Divac
81%
George Mikan
79%
Gail Goodrich
63%
Jamaal Wilkes
49%
Vern Mikkelsen
47%
Bob McAdoo
44%
Charlie Scott
35%
Clyde Lovellette
28%
Jim Pollard
28%
Mitch Richmond
26%
Slater Martin
23%
Spencer Haywood
21%
Adrian Dantley
19%
Connie Hawkins
12%
Zelmo Beaty
2%
No matching quizzes found
Score Distribution
Percent of People with Each Score
Percentile by Number Answered
Your Score History
You have not taken this quiz